Capitales se terminant par la lettre L ou M - Statistiques

Statistiques générales
  • Ce quiz a été pris 208 fois
  • Le résultat moyen est 3 sur 7
Statistiques - réponses
Réponse % Correct
Amsterdam
65%
Stockholm
63%
Jerusalem
53%
Khartoum
50%
Séoul
42%
Kaboul
38%
Banjul
30%
Aucun quiz correspondant
Distribution des résultats
% des personnes avec chaque résultat
Percentile par nombre de réponses
Votre historique - résultats
Vous n’avez pas pris ce quiz